<?xml version="1.0" encoding="UTF-8"?><marc:collection xmlns:marc="http://www.loc.gov/MARC21/slim">
  <marc:record>
    <marc:leader>03274nas a2200697#c 4500</marc:leader>
    <marc:controlfield tag="001">990177257330206441</marc:controlfield>
    <marc:controlfield tag="003">DE-605</marc:controlfield>
    <marc:controlfield tag="005">20251112210801.0</marc:controlfield>
    <marc:controlfield tag="007">cr||||||||||||</marc:controlfield>
    <marc:controlfield tag="008">091028c20039999gw a||p|o ||| 0||||1ger c</marc:controlfield>
    <marc:datafield tag="016" ind1="7" ind2=" ">
      <marc:subfield code="a">2522209-0</marc:subfield>
      <marc:subfield code="2">DE-600</marc:subfield>
    </marc:datafield>
    <marc:datafield tag="016" ind1="7" ind2=" ">
      <marc:subfield code="a">997732849</marc:subfield>
      <marc:subfield code="2">DE-101</marc:subfield>
    </marc:datafield>
    <marc:datafield tag="024" ind1="7" ind2=" ">
      <marc:subfield code="a">urn:nbn:de:hbz:929:02-edoweb:70129608</marc:subfield>
      <marc:subfield code="2">urn</marc:subfield>
    </marc:datafield>
    <marc:datafield tag="035" ind1=" " ind2=" ">
      <marc:subfield code="a">(DE-600)2522209-0</marc:subfield>
    </marc:datafield>
    <marc:datafield tag="035" ind1=" " ind2=" ">
      <marc:subfield code="a">(DE-599)ZDB2522209-0</marc:subfield>
    </marc:datafield>
    <marc:datafield tag="035" ind1=" " ind2=" ">
      <marc:subfield code="a">(OCoLC)1074475067</marc:subfield>
    </marc:datafield>
    <marc:datafield tag="035" ind1=" " ind2=" ">
      <marc:subfield code="a">oai:dnb.de/zdb/997732849</marc:subfield>
    </marc:datafield>
    <marc:datafield tag="035" ind1=" " ind2=" ">
      <marc:subfield code="a">(DE-101)997732849</marc:subfield>
    </marc:datafield>
    <marc:datafield tag="040" ind1=" " ind2=" ">
      <marc:subfield code="a">0018</marc:subfield>
      <marc:subfield code="b">ger</marc:subfield>
      <marc:subfield code="c">DE-101</marc:subfield>
      <marc:subfield code="d">9001</marc:subfield>
      <marc:subfield code="e">rda</marc:subfield>
    </marc:datafield>
    <marc:datafield tag="041" ind1=" " ind2=" ">
      <marc:subfield code="a">ger</marc:subfield>
    </marc:datafield>
    <marc:datafield tag="044" ind1=" " ind2=" ">
      <marc:subfield code="c">XA-DE</marc:subfield>
    </marc:datafield>
    <marc:datafield tag="049" ind1=" " ind2=" ">
      <marc:subfield code="a">DE-107</marc:subfield>
    </marc:datafield>
    <marc:datafield tag="049" ind1=" " ind2=" ">
      <marc:subfield code="a">DE-Zw1</marc:subfield>
    </marc:datafield>
    <marc:datafield tag="049" ind1=" " ind2=" ">
      <marc:subfield code="a">DE-929</marc:subfield>
    </marc:datafield>
    <marc:datafield tag="084" ind1=" " ind2=" ">
      <marc:subfield code="a">740</marc:subfield>
      <marc:subfield code="a">106</marc:subfield>
      <marc:subfield code="a">130</marc:subfield>
      <marc:subfield code="a">131</marc:subfield>
      <marc:subfield code="a">139</marc:subfield>
      <marc:subfield code="2">rpb</marc:subfield>
    </marc:datafield>
    <marc:datafield tag="084" ind1=" " ind2=" ">
      <marc:subfield code="a">333.7</marc:subfield>
      <marc:subfield code="q">DE-600</marc:subfield>
      <marc:subfield code="2">sdnb</marc:subfield>
    </marc:datafield>
    <marc:datafield tag="090" ind1=" " ind2=" ">
      <marc:subfield code="n">la</marc:subfield>
    </marc:datafield>
    <marc:datafield tag="245" ind1="0" ind2="0">
      <marc:subfield code="a">Jahresbericht ... zentrales Immissionsmessnetz - ZIMEN</marc:subfield>
      <marc:subfield code="c">Rheinland-Pfalz, Landesamt für Umwelt</marc:subfield>
    </marc:datafield>
    <marc:datafield tag="246" ind1="3" ind2=" ">
      <marc:subfield code="a">LUWG-Bericht</marc:subfield>
    </marc:datafield>
    <marc:datafield tag="246" ind1="3" ind2=" ">
      <marc:subfield code="a">Beiträge</marc:subfield>
    </marc:datafield>
    <marc:datafield tag="246" ind1="1" ind2=" ">
      <marc:subfield code="i">Abweichender Titel</marc:subfield>
      <marc:subfield code="a">ZIMEN-Jahresbericht ...</marc:subfield>
    </marc:datafield>
    <marc:datafield tag="264" ind1="3" ind2="1">
      <marc:subfield code="a">Mainz</marc:subfield>
      <marc:subfield code="b">Landesamt für Umwelt</marc:subfield>
      <marc:subfield code="c">2003-</marc:subfield>
    </marc:datafield>
    <marc:datafield tag="264" ind1=" " ind2="1">
      <marc:subfield code="3">2002-2003</marc:subfield>
      <marc:subfield code="a">[Oppenheim]</marc:subfield>
      <marc:subfield code="b">[Landesamt für Umweltschutz und Gewerbeaufsicht Rheinland-Pfalz]</marc:subfield>
    </marc:datafield>
    <marc:datafield tag="264" ind1="2" ind2="1">
      <marc:subfield code="3">2004-2007</marc:subfield>
      <marc:subfield code="a">Oppenheim</marc:subfield>
      <marc:subfield code="b">Landesamt für Umwelt, Wasserwirtschaft und Gewerbeaufsicht Rheinland-Pfalz</marc:subfield>
    </marc:datafield>
    <marc:datafield tag="264" ind1="2" ind2="1">
      <marc:subfield code="3">2008-2014</marc:subfield>
      <marc:subfield code="a">Mainz</marc:subfield>
      <marc:subfield code="b">Landesamt für Umwelt, Wasserwirtschaft und Gewerbeaufsicht</marc:subfield>
    </marc:datafield>
    <marc:datafield tag="300" ind1=" " ind2=" ">
      <marc:subfield code="a">Online-Ressource</marc:subfield>
    </marc:datafield>
    <marc:datafield tag="336" ind1=" " ind2=" ">
      <marc:subfield code="a">Text</marc:subfield>
      <marc:subfield code="b">txt</marc:subfield>
      <marc:subfield code="2">rdacontent</marc:subfield>
    </marc:datafield>
    <marc:datafield tag="337" ind1=" " ind2=" ">
      <marc:subfield code="a">Computer</marc:subfield>
      <marc:subfield code="b">c</marc:subfield>
      <marc:subfield code="2">rdamedia</marc:subfield>
    </marc:datafield>
    <marc:datafield tag="338" ind1=" " ind2=" ">
      <marc:subfield code="a">Online-Ressource</marc:subfield>
      <marc:subfield code="b">cr</marc:subfield>
      <marc:subfield code="2">rdacarrier</marc:subfield>
    </marc:datafield>
    <marc:datafield tag="362" ind1="0" ind2=" ">
      <marc:subfield code="a">2002-</marc:subfield>
    </marc:datafield>
    <marc:datafield tag="363" ind1="0" ind2="1">
      <marc:subfield code="8">1.1\x</marc:subfield>
      <marc:subfield code="i">2002</marc:subfield>
    </marc:datafield>
    <marc:datafield tag="500" ind1=" " ind2=" ">
      <marc:subfield code="a">Gesehen am 27.05.2025</marc:subfield>
    </marc:datafield>
    <marc:datafield tag="500" ind1=" " ind2=" ">
      <marc:subfield code="a">Herausgebendes Organ 2002-2003: Landesamt für Umweltschutz und Gewerbeaufsicht Rheinland-Pfalz; 2004-2014: Rheinland-Pfalz, Landesamt für Umwelt, Wasserwirtschaft und Gewerbeaufsicht</marc:subfield>
    </marc:datafield>
    <marc:datafield tag="500" ind1=" " ind2=" ">
      <marc:subfield code="a">2002-2004 ohne Titelseite</marc:subfield>
    </marc:datafield>
    <marc:datafield tag="500" ind1=" " ind2=" ">
      <marc:subfield code="a">Fortsetzung der Druck-Ausgabe</marc:subfield>
    </marc:datafield>
    <marc:datafield tag="583" ind1="1" ind2=" ">
      <marc:subfield code="a">Archivierung/Langzeitarchivierung gewährleistet</marc:subfield>
      <marc:subfield code="5">DE-107</marc:subfield>
      <marc:subfield code="2">pdager</marc:subfield>
    </marc:datafield>
    <marc:datafield tag="591" ind1=" " ind2=" ">
      <marc:subfield code="a">355!URL-Ä(16-02-24);107!URL-Ä(27-05-25)</marc:subfield>
    </marc:datafield>
    <marc:datafield tag="655" ind1=" " ind2="7">
      <marc:subfield code="a">Zeitschrift</marc:subfield>
      <marc:subfield code="0">(DE-588)4067488-5</marc:subfield>
      <marc:subfield code="2">gnd-content</marc:subfield>
    </marc:datafield>
    <marc:datafield tag="710" ind1="1" ind2=" ">
      <marc:subfield code="a">Rheinland-Pfalz</marc:subfield>
      <marc:subfield code="b">Landesamt für Umwelt</marc:subfield>
      <marc:subfield code="0">(DE-588)110428314X</marc:subfield>
      <marc:subfield code="4">isb</marc:subfield>
      <marc:subfield code="e">Herausgebendes Organ</marc:subfield>
    </marc:datafield>
    <marc:datafield tag="710" ind1="1" ind2=" ">
      <marc:subfield code="a">Rheinland-Pfalz</marc:subfield>
      <marc:subfield code="b">Landesamt für Umweltschutz und Gewerbeaufsicht</marc:subfield>
      <marc:subfield code="0">(DE-588)2092393-4</marc:subfield>
      <marc:subfield code="4">isb</marc:subfield>
      <marc:subfield code="e">Herausgebendes Organ</marc:subfield>
    </marc:datafield>
    <marc:datafield tag="710" ind1="1" ind2=" ">
      <marc:subfield code="a">Rheinland-Pfalz</marc:subfield>
      <marc:subfield code="b">Landesamt für Umwelt, Wasserwirtschaft und Gewerbeaufsicht</marc:subfield>
      <marc:subfield code="0">(DE-588)3061200-7</marc:subfield>
      <marc:subfield code="4">isb</marc:subfield>
      <marc:subfield code="e">Herausgebendes Organ</marc:subfield>
    </marc:datafield>
    <marc:datafield tag="776" ind1="0" ind2="8">
      <marc:subfield code="i">Erscheint auch als</marc:subfield>
      <marc:subfield code="n">Druck-Ausgabe, 2001-2012</marc:subfield>
      <marc:subfield code="t">Jahresbericht ... zentrales Immissionsmessnetz - ZIMEN</marc:subfield>
      <marc:subfield code="d">Mainz : LUWG, 2002-14.8.2013</marc:subfield>
      <marc:subfield code="x">1862-1937</marc:subfield>
      <marc:subfield code="w">(DE-600)2099672-X</marc:subfield>
    </marc:datafield>
    <marc:datafield tag="856" ind1="4" ind2="0">
      <marc:subfield code="u">https://nbn-resolving.org/urn:nbn:de:hbz:929:02-edoweb:70129608</marc:subfield>
      <marc:subfield code="x">Resolving-System</marc:subfield>
    </marc:datafield>
    <marc:datafield tag="856" ind1="4" ind2=" ">
      <marc:subfield code="u">https://ezb.ur.de/?2522209-0</marc:subfield>
      <marc:subfield code="x">EZB</marc:subfield>
    </marc:datafield>
    <marc:datafield tag="856" ind1="4" ind2=" ">
      <marc:subfield code="u">https://luft.rlp.de/zentrales-immissionsmessnetz-zimen/zimen-berichte/zimen-jahresberichte</marc:subfield>
      <marc:subfield code="x">Verlag</marc:subfield>
      <marc:subfield code="z">kostenfrei</marc:subfield>
    </marc:datafield>
    <marc:datafield tag="856" ind1="4" ind2=" ">
      <marc:subfield code="u">https://luft.rlp.de/zentrales-immissionsmessnetz-zimen/zimen-berichte</marc:subfield>
      <marc:subfield code="x">Verlag</marc:subfield>
      <marc:subfield code="z">kostenfrei</marc:subfield>
    </marc:datafield>
    <marc:datafield tag="856" ind1="4" ind2=" ">
      <marc:subfield code="u">https://www.edoweb-rlp.de/resource/edoweb%3A7012960</marc:subfield>
      <marc:subfield code="x">Langzeitarchivierung</marc:subfield>
      <marc:subfield code="z">kostenfrei</marc:subfield>
    </marc:datafield>
    <marc:datafield tag="924" ind1="1" ind2=" ">
      <marc:subfield code="a">(DE-600)2522209-0</marc:subfield>
      <marc:subfield code="b">DE-107</marc:subfield>
      <marc:subfield code="c">NRW</marc:subfield>
      <marc:subfield code="d">d</marc:subfield>
    </marc:datafield>
    <marc:datafield tag="924" ind1="1" ind2=" ">
      <marc:subfield code="a">(DE-600)2522209-0</marc:subfield>
      <marc:subfield code="b">DE-Zw1</marc:subfield>
      <marc:subfield code="c">NRW</marc:subfield>
      <marc:subfield code="d">d</marc:subfield>
    </marc:datafield>
    <marc:datafield tag="924" ind1="1" ind2=" ">
      <marc:subfield code="a">(DE-600)2522209-0</marc:subfield>
      <marc:subfield code="b">DE-929</marc:subfield>
      <marc:subfield code="c">NRW</marc:subfield>
      <marc:subfield code="d">d</marc:subfield>
    </marc:datafield>
    <marc:datafield tag="960" ind1="1" ind2=" ">
      <marc:subfield code="z">lzZDB</marc:subfield>
    </marc:datafield>
  </marc:record>
</marc:collection>
